| 000 | 00729nam a22001577a 4500 | ||
|---|---|---|---|
| 008 | 110810t1967 xxu||||g |||| 000 0 ara d | ||
| 082 |
_222 _a254.2 _bغ ن د |
||
| 100 |
_926635 _aالغندور،أحمد |
||
| 245 |
_aالطلاق فى الشريعة الإسلامية و القانون : _bبحث مقارن/ _cتأليف أحمد الغندور |
||
| 260 |
_aالقاهرة : _bدار المعارف ،1967. _c1967. |
||
| 300 |
_a315ص، _c24سم. |
||
| 650 |
_921611 _aالطلاق (الشريعة الإسلامية) |
||
| 653 |
_bGeneral _cAugust2011 |
||
| 942 |
_2ddc _cBB |
||
| 999 |
_c15803 _d15803 |
||